| 000 | 00637cam a2200229 4500500 | ||
|---|---|---|---|
| 005 | 20260329005818.0 | ||
| 041 | _afre | ||
| 042 | _adc | ||
| 100 | 1 | 0 |
_aEltchaninoff, Michel _eauthor |
| 245 | 0 | 0 | _aArgent trop cher ? |
| 260 | _c2025. | ||
| 500 | _a13 | ||
| 690 | _aArgent | ||
| 690 | _aAscèse | ||
| 690 | _aDépense | ||
| 690 | _aDésirs | ||
| 690 | _aExcès | ||
| 690 | _aFrugalisme | ||
| 690 | _aMichel Eltchaninoff | ||
| 786 | 0 | _nPhilosophie magazine | 186 | 1-2 | 2025-02-01 | p. 29-29 | 1951-1787 | |
| 856 | 4 | 1 | _uhttps://shs.cairn.info/magazine-philosophie-magazine-2025-2-page-29?lang=fr&redirect-ssocas=7080 |
| 999 |
_c1846876 _d1846876 |
||